000
00477nam a2200181Ia 4500
008
090123s9999 xx 000 0 und d
082
_b
977
100
_a
सबनीस वसंत
245
_a
पानदान
250
_a
1
260
_b
कुलकर्णी अ.अ.
300
_a
106
600
_a
सबनीस वसंत
630
_a
पानदान
700
_a
सबनीस वसंत
730
_a
पानदान
942
_c
BOOK
999
_c
39062
_d
39062